| 000 | 00660nam a2200229 4500 | ||
|---|---|---|---|
| 001 | 174400 | ||
| 003 | ES-MaACL | ||
| 005 | 20230906215521.0 | ||
| 008 | 100414s1991 ve |||| | spa d | ||
| 020 | _a980-01-0133-0 | ||
| 080 | _a821.134.2(87)-14"19" | ||
| 100 | 1 |
_aUslar Pietri, Arturo. _9112308 |
|
| 245 | 1 | 3 |
_aEl hombre que voy siendo / _cArturo Uslar Pietri ; prólogo, Gustavo Luis Carrera. |
| 250 | _a2ª ed. | ||
| 260 |
_aCaracas : _bMonte Avila, _c1991. |
||
| 300 |
_a77 p. ; _c21 cm. |
||
| 490 | 1 | _aAltazor | |
| 700 | 1 |
_aCarrera, Gustavo Luis. _935625 |
|
| 830 | 0 |
_aAltazor _9181738 |
|
| 852 | 4 |
_a BA _jC-57127 |
|
| 999 |
_c174400 _d174400 |
||